| 000 | 01441cam a2200337 4500 | ||
|---|---|---|---|
| 001 | 11915 | ||
| 005 | 20230404125642.0 | ||
| 008 | 060907s2001 cl a spa | ||
| 020 | _a9213218885 | ||
| 035 | _9funglode12010 | ||
| 086 | _aLC/L.1582-P | ||
| 041 | _aspa | ||
| 050 | 1 | 4 | _aCD F |
| 100 | 1 | _aFilgueira, Carlos | |
| 245 | 1 | 3 |
_aLa actualidad de viejas temáticas : _bsobre los estudios de clase, estratificación y movilidad social en América Latina / _cCarlos Filgueira; Comisión Económica para América Latina y el Caribe. |
| 246 | 3 | 0 | _aNuevos sistemas de movilidad social |
| 260 |
_aSantiago de Chile : _bNaciones Unidas, Comisión Económica para America Latina y el Caribe - CEPAL, División de Desarrollo Social, _c2001 |
||
| 300 |
_a55 p. : _bil. ; _c28 cm. |
||
| 440 | 0 |
_aSerie políticas sociales ; _v51 |
|
| 500 | _aNúmero de ventas (UN): S.01.II.G.125 | ||
| 650 | 0 |
_aSocial stratification _zLatin America. |
|
| 650 | 0 |
_aSocial classes _zLatin America. |
|
| 650 | 0 |
_aSocial mobility _zLatin America. |
|
| 650 | 4 |
_aEstratificación social _zAmérica Latina |
|
| 650 | 4 |
_aClases sociales _zMéxico. |
|
| 650 | 4 |
_aMovilidad social _zAmérica Latina. |
|
| 650 | 4 | _aCEPAL | |
| 710 | 2 |
_aUnited Nations. _bEconomic Commission for Latin America and the Caribbean. _bSocial Development Division. |
|
| 710 | 2 |
_aComisión Económica para America Latina y el Caribe. _bDivisión de Desarrollo Social |
|
| 942 |
_2lcc _ccd |
||
| 999 |
_c1909 _d1909 |
||